Características conductuales de un grupo de niños de cuatro años, hijos de madres adolescentes (Record no. 111421)
[ view plain ]
| 000 -CABECERA | |
|---|---|
| campo de control de longitud fija | 00644nab a2200193 a 4500 |
| 005 - FECHA Y HORA DE LA ÚLTIMA TRANSACCIÓN | |
| campo de control | 20210219155143.0 |
| 008 - ELEMENTOS DE LONGITUD FIJA--INFORMACIÓN GENERAL | |
| campo de control de longitud fija | 991125s1985 mx 000 0 spa u |
| 035 ## - NÚMERO DE CONTROL DEL SISTEMA | |
| Número de control de sistema | UPN01000139273 |
| 222 ## - TÍTULO CLAVE | |
| Título clave | CULTURA Y EDUCACION : REVISTA DE TEORIA, INVESTIGACION Y PRACTICA |
| 245 ## - MENCIÓN DE TÍTULO | |
| Título | Características conductuales de un grupo de niños de cuatro años, hijos de madres adolescentes |
| 260 ## - PUBLICACIÓN, DISTRIBUCIÓN, ETC. | |
| Lugar de publicación, distribución, etc. | España |
| 300 ## - DESCRIPCIÓN FÍSICA | |
| Extensión | 387-397 |
| 362 0# - FECHAS DE PUBLICACIÓN Y/O DESIGNACIÓN SECUENCIAL | |
| Fecha de publicación y/o designación secuencial | 2001 Vol. 13, no. 4 |
| 653 0# - TERMINO DE INDIZACION - NO CONTROLADO | |
| Término no controlado | MATERNIDAD ADOLESCENTE |
| 653 0# - TERMINO DE INDIZACION - NO CONTROLADO | |
| Término no controlado | DESARROLLO INFANTIL |
| 653 0# - TERMINO DE INDIZACION - NO CONTROLADO | |
| Término no controlado | PROBLEMAS DE APRENDIZAJE |
| 700 02 - ASIENTO SECUNDARIO--NOMBRE DE PERSONAL | |
| Nombre de persona | Trautmann-Villalba, Patricia, coaut. |
| 905 ## - TIPO DE MATERIAL | |
| Tipo de material | Articulo |
No items available.
